Повышение эффективности разведки залежей крупных нефтегазоносных комплексов

Bibliographic Details
Main Author: Хафизов Ф. З. Феиз Закиевич
Language:Russian
Published: Ленинград, Недра, 1991
Subjects:
Format: Book
KOHA link:https://koha.lib.tpu.ru/cgi-bin/koha/opac-detail.pl?biblionumber=66928

MARC

LEADER 00000nam0a2200000 4500
001 66928
005 20231031073139.0
010 |a 5247021398 
035 |a (RuTPU)RU\TPU\book\71264 
090 |a 66928 
100 |a 20040909d1981 k y0rusy50 ca 
101 0 |a rus 
102 |a RU 
105 |a a z 001zy 
200 1 |a Повышение эффективности разведки залежей крупных нефтегазоносных комплексов  |f Ф. З. Хафизов 
210 |a Ленинград  |c Недра  |d 1991 
215 |a 263 с.  |c ил. 
320 |a Библиогр.: с. 262-263. 
610 1 |a нефтяные месторождения 
610 1 |a поиски 
610 1 |a разведка 
610 1 |a газовые месторождения 
610 1 |a залежи 
675 |a 553.98.550.8  |v 3 
700 1 |a Хафизов  |b Ф. З.  |g Феиз Закиевич 
801 1 |a RU  |b 63413507  |c 20040909  |g PSBO 
801 2 |a RU  |b 63413507  |c 20170123  |g RCR 
942 |c BK